| 000 | 01008nam a2200265 a 4500 | ||
|---|---|---|---|
| 001 | ebr5006424 | ||
| 003 | CaPaEBR | ||
| 006 | m u | ||
| 007 | cr cn||||||||| | ||
| 008 | 020513s2001 ohua s 001 0 eng d | ||
| 020 | _z1929685734 (electronic bk.) | ||
| 040 |
_aCaPaEBR _cCaPaEBR |
||
| 035 | _a(OCoLC)559548799 | ||
| 050 | 1 | 4 |
_aT385 _b.K64 2001eb |
| 100 | 1 | _aKolle, Iril C. | |
| 245 | 1 | 0 |
_aGraphics tablet solutions _h[electronic resource] / _cIril Kolle. |
| 260 |
_aCincinnati, OH : _bMuska & Lipman Publishing, _c2001. |
||
| 300 |
_avi, 329 p. : _bcol. ill. |
||
| 500 | _aIncludes index. | ||
| 533 |
_aElectronic reproduction. _bPalo Alto, Calif. : _cebrary, _d2009. _nAvailable via World Wide Web. _nAccess may be limited to ebrary affiliated libraries. |
||
| 650 | 0 | _aComputer graphics. | |
| 655 | 7 |
_aElectronic books. _2local |
|
| 710 | 2 | _aebrary, Inc. | |
| 856 | 4 | 0 |
_uhttp://site.ebrary.com/lib/rucke/Doc?id=5006424 _zAn electronic book accessible through the World Wide Web; click to view |
| 999 |
_c6670 _d6670 |
||